000 00651nam a2200205Ia 4500
001 58189
008 141216n ii |||gr||||Z||||||465
020 _a978-0-763-77992-4
082 _a572.86
245 0 _aLewin,s Genesx
_cJocelyn E. Krebs, Elliott S.Goldstein & Stephen T.Kilpatrick
_hTextual Documents
250 _aInternational edition.
260 _aBuston:
_bJones And Bartlett Publishers.,
_c2011.
300 _a930pg:
_c27cm.
653 _aBiology
653 _aDeptt- Zoology
700 _aKrebs,Jocelyn E. ,
_eAuthor.,
700 _aGoldstein, Elliott S. ,
_eAuthor.,
700 _aKilpatrick, Stephen T. ,
_eAuthor.,
942 _2ddc
_cBK
999 _c58088
_d58088